| 000 | 00368nam a2200157Ia 4500 | ||
|---|---|---|---|
| 008 | 221030s9999 xx 000 0 und d | ||
| 020 | _a0070606560 | ||
| 041 | _aEnglish | ||
| 082 |
_a105.23 _bRao |
||
| 100 | _aM. S. P. Rao | ||
| 245 | 0 |
_aPulse & Digital Circuits _cby M. S. P. Rao |
|
| 260 |
_bTMH _aNew Delhi _c2006 |
||
| 300 | _a670 | ||
| 650 | _aECE | ||
| 942 | _cBK | ||
| 999 |
_c3926 _d3926 |
||